<?xml version="1.0" encoding="UTF-8"?>
<record
    xmlns:xsi="http://www.w3.org/2001/XMLSchema-instance"
    xsi:schemaLocation="http://www.loc.gov/MARC21/slim http://www.loc.gov/standards/marcxml/schema/MARC21slim.xsd"
    xmlns="http://www.loc.gov/MARC21/slim">

  <leader>01221nam a2200325 i 4500</leader>
  <controlfield tag="003">CO-BoRNBP</controlfield>
  <controlfield tag="005">20250225100112.0</controlfield>
  <controlfield tag="007">ta</controlfield>
  <controlfield tag="008">250225s2023    ck a|||| |||| 00| 0 spa d</controlfield>
  <datafield tag="020" ind1=" " ind2=" ">
    <subfield code="a">9789585499249</subfield>
  </datafield>
  <datafield tag="040" ind1=" " ind2=" ">
    <subfield code="a">CO-BoRNBP</subfield>
    <subfield code="b">spa</subfield>
    <subfield code="c">CO-BoRNBP</subfield>
    <subfield code="e">rda</subfield>
  </datafield>
  <datafield tag="041" ind1=" " ind2=" ">
    <subfield code="a">spa</subfield>
  </datafield>
  <datafield tag="084" ind1=" " ind2=" ">
    <subfield code="a">A RUB3</subfield>
  </datafield>
  <datafield tag="100" ind1="1" ind2=" ">
    <subfield code="a">Rubio Herrero, Antonio</subfield>
    <subfield code="d">1953-</subfield>
    <subfield code="e">autor</subfield>
    <subfield code="9">58691</subfield>
  </datafield>
  <datafield tag="245" ind1=" " ind2=" ">
    <subfield code="a">Juguetes/</subfield>
    <subfield code="c">Antonio Rubio Herrero ; ilustraciones de &#xD3;scar Vill&#xE1;n</subfield>
  </datafield>
  <datafield tag="250" ind1=" " ind2=" ">
    <subfield code="a">Edici&#xF3;n especial</subfield>
  </datafield>
  <datafield tag="264" ind1=" " ind2="1">
    <subfield code="a">Bogot&#xE1;, Colombia,</subfield>
    <subfield code="b">Ediciones Monserrate,</subfield>
    <subfield code="c">2023</subfield>
  </datafield>
  <datafield tag="300" ind1=" " ind2=" ">
    <subfield code="a">16 p&#xE1;ginas sin numerar,</subfield>
    <subfield code="b">ilustraciones a color, </subfield>
    <subfield code="c">16 cm</subfield>
  </datafield>
  <datafield tag="336" ind1=" " ind2=" ">
    <subfield code="2">rdacontent</subfield>
    <subfield code="a">texto</subfield>
    <subfield code="b">txt</subfield>
  </datafield>
  <datafield tag="337" ind1=" " ind2=" ">
    <subfield code="2">rdamedia</subfield>
    <subfield code="a">sin mediaci&#xF3;n</subfield>
    <subfield code="b">n</subfield>
  </datafield>
  <datafield tag="338" ind1=" " ind2=" ">
    <subfield code="2">rdacarrier</subfield>
    <subfield code="a">volumen</subfield>
    <subfield code="b">nc</subfield>
  </datafield>
  <datafield tag="490" ind1=" " ind2=" ">
    <subfield code="a">Plan Nacional de Lectura, Escritura y Oralidad / Ministerio de Cultura</subfield>
  </datafield>
  <datafield tag="521" ind1=" " ind2=" ">
    <subfield code="a">Recomendado para un p&#xFA;blico infantil mayor de 3 a&#xF1;os</subfield>
  </datafield>
  <datafield tag="650" ind1="1" ind2="7">
    <subfield code="2">ARMARC</subfield>
    <subfield code="a">&#xC1;lbumes infantiles espa&#xF1;oles</subfield>
    <subfield code="v">Siglo XXI</subfield>
    <subfield code="9">58692</subfield>
  </datafield>
  <datafield tag="650" ind1="1" ind2="7">
    <subfield code="2">ARMARC</subfield>
    <subfield code="a">Literatura infantil espa&#xF1;ola</subfield>
    <subfield code="v">Siglo XXI</subfield>
    <subfield code="9">58693</subfield>
  </datafield>
  <datafield tag="650" ind1="1" ind2="7">
    <subfield code="2">ARMARC</subfield>
    <subfield code="a">Juguetes en la literatura</subfield>
    <subfield code="9">2758</subfield>
  </datafield>
  <datafield tag="650" ind1="1" ind2="7">
    <subfield code="2">ARMARC</subfield>
    <subfield code="a">Ni&#xF1;os en la literatura</subfield>
    <subfield code="9">873</subfield>
  </datafield>
  <datafield tag="700" ind1="1" ind2=" ">
    <subfield code="a">Vill&#xE1;n, &#xD3;scar</subfield>
    <subfield code="e">ilustrador</subfield>
    <subfield code="9">58694</subfield>
  </datafield>
  <datafield tag="942" ind1=" " ind2=" ">
    <subfield code="2">ddc</subfield>
    <subfield code="c">BKINF</subfield>
  </datafield>
  <datafield tag="999" ind1=" " ind2=" ">
    <subfield code="c">56952</subfield>
    <subfield code="d">56952</subfield>
  </datafield>
  <datafield tag="952" ind1=" " ind2=" ">
    <subfield code="0">0</subfield>
    <subfield code="1">0</subfield>
    <subfield code="2">ddc</subfield>
    <subfield code="4">0</subfield>
    <subfield code="7">0</subfield>
    <subfield code="8">INF</subfield>
    <subfield code="a">MEGUAMAL</subfield>
    <subfield code="b">MEGUAMAL</subfield>
    <subfield code="c">SInf</subfield>
    <subfield code="d">2025-02-04</subfield>
    <subfield code="l">0</subfield>
    <subfield code="o">A RUB3</subfield>
    <subfield code="p">GUA004800</subfield>
    <subfield code="r">2025-02-25 09:52:42</subfield>
    <subfield code="t">Ej.1</subfield>
    <subfield code="w">2025-02-25</subfield>
    <subfield code="y">BKINF</subfield>
  </datafield>
  <datafield tag="952" ind1=" " ind2=" ">
    <subfield code="0">0</subfield>
    <subfield code="1">0</subfield>
    <subfield code="2">ddc</subfield>
    <subfield code="4">0</subfield>
    <subfield code="7">0</subfield>
    <subfield code="8">INF</subfield>
    <subfield code="a">MESGUARO</subfield>
    <subfield code="b">MESGUARO</subfield>
    <subfield code="c">SInf</subfield>
    <subfield code="d">2025-08-13</subfield>
    <subfield code="l">0</subfield>
    <subfield code="o">A RUB3</subfield>
    <subfield code="p">SG03926</subfield>
    <subfield code="r">2025-08-13 22:41:41</subfield>
    <subfield code="t">Ej.1</subfield>
    <subfield code="w">2025-08-13</subfield>
    <subfield code="y">BKINF</subfield>
  </datafield>
  <datafield tag="952" ind1=" " ind2=" ">
    <subfield code="0">0</subfield>
    <subfield code="1">0</subfield>
    <subfield code="2">ddc</subfield>
    <subfield code="4">0</subfield>
    <subfield code="7">0</subfield>
    <subfield code="8">INF</subfield>
    <subfield code="a">MEMAPIRI</subfield>
    <subfield code="b">MEMAPIRI</subfield>
    <subfield code="c">SInf</subfield>
    <subfield code="d">2025-08-20</subfield>
    <subfield code="l">0</subfield>
    <subfield code="o">A RUB3</subfield>
    <subfield code="p">MAP00004355</subfield>
    <subfield code="r">2025-08-20 16:29:45</subfield>
    <subfield code="t">Ej.1</subfield>
    <subfield code="w">2025-08-20</subfield>
    <subfield code="y">BKINF</subfield>
  </datafield>
  <datafield tag="952" ind1=" " ind2=" ">
    <subfield code="0">0</subfield>
    <subfield code="1">0</subfield>
    <subfield code="2">lcc</subfield>
    <subfield code="4">0</subfield>
    <subfield code="7">0</subfield>
    <subfield code="8">INF</subfield>
    <subfield code="a">MESJUANI</subfield>
    <subfield code="b">MESJUANI</subfield>
    <subfield code="c">SInf</subfield>
    <subfield code="d">2025-08-22</subfield>
    <subfield code="l">0</subfield>
    <subfield code="o">A RUB3</subfield>
    <subfield code="p">SJU01626</subfield>
    <subfield code="r">2025-08-22 15:41:27</subfield>
    <subfield code="t">Ej.1</subfield>
    <subfield code="w">2025-08-22</subfield>
    <subfield code="y">BKINF</subfield>
  </datafield>
  <datafield tag="952" ind1=" " ind2=" ">
    <subfield code="0">0</subfield>
    <subfield code="1">0</subfield>
    <subfield code="2">ddc</subfield>
    <subfield code="4">0</subfield>
    <subfield code="7">0</subfield>
    <subfield code="8">INF</subfield>
    <subfield code="a">MESMARTI</subfield>
    <subfield code="b">MESMARTI</subfield>
    <subfield code="c">SInf</subfield>
    <subfield code="d">2025-09-18</subfield>
    <subfield code="l">0</subfield>
    <subfield code="o">A RUB3</subfield>
    <subfield code="p">SM04120</subfield>
    <subfield code="r">2025-09-18 14:49:34</subfield>
    <subfield code="t">Ej.1</subfield>
    <subfield code="w">2025-09-18</subfield>
    <subfield code="y">BKINF</subfield>
  </datafield>
  <datafield tag="952" ind1=" " ind2=" ">
    <subfield code="0">0</subfield>
    <subfield code="1">0</subfield>
    <subfield code="2">ddc</subfield>
    <subfield code="4">0</subfield>
    <subfield code="7">0</subfield>
    <subfield code="8">INF</subfield>
    <subfield code="a">MEPLLERAS</subfield>
    <subfield code="b">MEPLLERAS</subfield>
    <subfield code="c">LIT</subfield>
    <subfield code="d">2025-09-18</subfield>
    <subfield code="l">0</subfield>
    <subfield code="o">A RUB3</subfield>
    <subfield code="p">PLL02341</subfield>
    <subfield code="r">2025-09-18 15:58:38</subfield>
    <subfield code="t">Ej.1</subfield>
    <subfield code="w">2025-09-18</subfield>
    <subfield code="y">BKINF</subfield>
  </datafield>
  <datafield tag="952" ind1=" " ind2=" ">
    <subfield code="0">0</subfield>
    <subfield code="1">0</subfield>
    <subfield code="2">ddc</subfield>
    <subfield code="4">0</subfield>
    <subfield code="7">0</subfield>
    <subfield code="8">INF</subfield>
    <subfield code="a">MECASTIL</subfield>
    <subfield code="b">MECASTIL</subfield>
    <subfield code="c">SInf</subfield>
    <subfield code="d">2025-10-08</subfield>
    <subfield code="l">0</subfield>
    <subfield code="o">A RUB3</subfield>
    <subfield code="p">EC03056</subfield>
    <subfield code="r">2025-10-08 19:54:52</subfield>
    <subfield code="t">Ej.1</subfield>
    <subfield code="w">2025-10-08</subfield>
    <subfield code="y">BKINF</subfield>
  </datafield>
  <datafield tag="952" ind1=" " ind2=" ">
    <subfield code="0">0</subfield>
    <subfield code="1">0</subfield>
    <subfield code="2">ddc</subfield>
    <subfield code="4">0</subfield>
    <subfield code="7">0</subfield>
    <subfield code="8">INF</subfield>
    <subfield code="a">MEGRANAD</subfield>
    <subfield code="b">MEGRANAD</subfield>
    <subfield code="c">SInf</subfield>
    <subfield code="d">2026-01-30</subfield>
    <subfield code="e">Biblioteca Nacional de Colombia</subfield>
    <subfield code="l">0</subfield>
    <subfield code="o">A RUB3</subfield>
    <subfield code="p">GRDA00642</subfield>
    <subfield code="r">2026-01-30 22:16:26</subfield>
    <subfield code="t">Ej.1</subfield>
    <subfield code="w">2026-01-30</subfield>
    <subfield code="y">BKINF</subfield>
  </datafield>
  <datafield tag="952" ind1=" " ind2=" ">
    <subfield code="0">0</subfield>
    <subfield code="1">0</subfield>
    <subfield code="2">ddc</subfield>
    <subfield code="4">0</subfield>
    <subfield code="7">0</subfield>
    <subfield code="8">INF</subfield>
    <subfield code="a">MEMESETA</subfield>
    <subfield code="b">MEMESETA</subfield>
    <subfield code="c">SInf</subfield>
    <subfield code="d">2026-03-18</subfield>
    <subfield code="l">0</subfield>
    <subfield code="o">A RUB3</subfield>
    <subfield code="p">ME02463</subfield>
    <subfield code="r">2026-03-18 20:31:04</subfield>
    <subfield code="t">Ej.1</subfield>
    <subfield code="w">2026-03-18</subfield>
    <subfield code="y">BKINF</subfield>
  </datafield>
</record>
